00826nam a22002297a 4500003000900000008004100009040007100050082001500121100001700136245003800153260007400191300003700265505011600302650001600418650001200434650001300446650001700459700003600476700002300512700003100535700003000566AR-CdUCM190321b ||||| |||| 00| 0 spa d aMUNICIPALIDAD PROVINCIAL DEL CUSCOcBIBLIOTECA MUNICIPAL DEL CUSCO a621 /bH78 aHoupt, G. L. aElementos de Ingenieria Quimica / aBuenos Aires :bCentro Regional de ayuda tecnica,bMcGraw-Hillc1973. a267 paginas ;bgraficos,c22 cm. aContenido: Quimica Basica -- Electricidad -- Efectos del Calor -- Cantidad de calor -- fuerzas de equilibrio... aIngenieria  aQuimica aMaquinas aElectricidad aAbaunza de la escosura, Antonio aCalvo Arjona, Jose aGarcia Altamirano, Gabriel aRojas de Bengardi, Arturo